دراسة تقابلية اللغتين العربية والسواحلية على مستوى الضمائر في النحو /
Saved in:
| Main Author: | |
|---|---|
| Other Authors: | |
| Format: | Thesis |
| Language: | Arabic |
| Published: |
Petaling Jaya, Selangor :
Jami'ah al-Islamiyah al-'Alamiyah,
1998
|
| Subjects: | |
| Online Access: | http://studentrepo.iium.edu.my/handle/123456789/8814 |
| Tags: |
Add Tag
No Tags, Be the first to tag this record!
|
| LEADER | 021650000a22003970004500 | ||
|---|---|---|---|
| 001 | 151649 | ||
| 005 | 20090519160600.0 | ||
| 008 | 981124s1998 my 000 0 ara | ||
| 035 | |a 564882 | ||
| 035 | |a (Sirsi) 151649 | ||
| 040 | |a UIAM |b eng | ||
| 049 | |b m | ||
| 050 | |a PJ6144.2 | ||
| 100 | 1 | |a مكومبي، علي جمعة | |
| 242 | 1 | 0 | |a Dirasah taqabuliyah bayna al-lughatayn al-'Arabiyah wa-al-Sawahiliyah 'ala mustawa al-dama'ir fi al-nahw |
| 245 | 1 | 0 | |a دراسة تقابلية اللغتين العربية والسواحلية على مستوى الضمائر في النحو / |c إعداد علي جمعة مكومبي |
| 260 | 1 | |a Petaling Jaya, Selangor : |b Jami'ah al-Islamiyah al-'Alamiyah, |c 1998 | |
| 300 | |a 126 p. ; |c 30 cm. | ||
| 500 | |a "Bahth takmili muqaddam kajuzi' min mutallabat al-husul 'ala darjat al-majistir fi Tarbiyah (Kulliyah Ma'arif al-Wahy wa 'Ulum al-Insaniyah al-Jamia'ah al-Islamiyah al-'Alamiyah Maliziya)" -- On t.p. | ||
| 500 | |a Abstracts in English and Arabic. | ||
| 502 | |a Thesis (MED)--al-Jami'ah al-Islamiyah al-'Alamiyah Maliziya, Kulliyat Ma'arif al-Wahy wa-al-'Ulum al-Insaniyah, 1998. | ||
| 504 | |a Includes bibliographical references (p. 123-126). | ||
| 533 | |a 1 | ||
| 596 | |a 1 | ||
| 650 | 0 | |a Arabic language |x Pronoun | |
| 650 | 0 | |a Swahili language |x Pronoun | |
| 655 | 0 | 7 | |a Theses, IIUM local |
| 690 | 0 | |a Dissertations, Academic |x Department of Arabic Language and Literature |z IIUM | |
| 700 | 1 | |a Mkombe, Ali Juma | |
| 710 | 2 | |a International Islamic University Malaysia. |b Department of Arabic Language and Literature | |
| 730 | 0 | |a Dirasah taqabuliyah bayna al-lughatayn al-'Arabiyah wa-al-Sawahiliyah 'ala mustawa al-dama'ir fi al-nahw. (Electronic resource) | |
| 856 | 4 | |u http://studentrepo.iium.edu.my/handle/123456789/8814 | |
| 900 | |a abu-zhmn-naw | ||
| 999 | |c 431157 |d 462648 | ||
| 952 | |0 0 |6 T PJ 006144.2 M685D 1998 |7 0 |8 THESES |9 750840 |a IIUM |b IIUM |c MULTIMEDIA |g 0.00 |o t PJ6144.2M685D 1998 |p 00000564886 |r 2017-10-20 |t 1 |v 0.00 |y THESIS | ||
| 952 | |0 0 |6 TS CDF PJ6144.2M685D 1998 |7 0 |8 THESES |9 798109 |a IIUM |b IIUM |c MULTIMEDIA |g 0.00 |o ts cdf PJ6144.2M685D 1998 |p 11100326500 |r 2017-10-26 |t 1 |v 0.00 |y THESISDIG | ||
